Never kiss an alligator! / (Запис № 529719)

МАРК-запис
000 -LEADER
fixed length control field 01514cam a2200349Ia 4500
001 - CONTROL NUMBER
control field neverkissalligat00bare
003 - CONTROL NUMBER IDENTIFIER
control field CaSfIA
005 - DATE AND TIME OF LATEST TRANSACTION
control field 20210118192458.0
007 - PHYSICAL DESCRIPTION FIXED FIELD--GENERAL INFORMATION
fixed length control field cr||||
008 - FIXED-LENGTH DATA ELEMENTS--GENERAL INFORMATION
fixed length control field 940202t19931989nyua j 000 0 eng d
010 ## - LIBRARY OF CONGRESS CONTROL NUMBER
LC control number 88032659
040 ## - CATALOGING SOURCE
Original cataloging agency KWS
Transcribing agency KWS
Modifying agency OCL
-- CaSfIA
020 ## - INTERNATIONAL STANDARD BOOK NUMBER
International Standard Book Number 0525651802 (pbk.) :
Terms of availability $3.95
020 ## - INTERNATIONAL STANDARD BOOK NUMBER
International Standard Book Number 9780525651802 (pbk.)
035 ## - SYSTEM CONTROL NUMBER
System control number (OCoLC)29727916
050 #4 - LIBRARY OF CONGRESS CALL NUMBER
Classification number PZ10.B282
Item number Ne 1993
082 04 - DEWEY DECIMAL CLASSIFICATION NUMBER
Classification number 597.98
Item number Bar
100 1# - MAIN ENTRY--PERSONAL NAME
Personal name Bare, Colleen Stanley.
245 10 - TITLE STATEMENT
Title Never kiss an alligator! /
Medium [electronic resource]
Statement of responsibility, etc Colleen Stanley Bare ; photographs by the author.
250 ## - EDITION STATEMENT
Edition statement 1st paperback ed.
260 ## - PUBLICATION, DISTRIBUTION, ETC. (IMPRINT)
Place of publication, distribution, etc New York :
Name of publisher, distributor, etc Dutton,
Date of publication, distribution, etc 1993, c1989.
300 ## - PHYSICAL DESCRIPTION
Extent [28] p. :
Other physical details col. ill. ;
Dimensions 23 cm.
500 ## - GENERAL NOTE
General note "Cobblehill books."
520 ## - SUMMARY, ETC.
Summary, etc Discusses in simple language the characteristics and habits of alligators.
506 ## - RESTRICTIONS ON ACCESS NOTE
Standardized terminology for access restriction Необхідна авторизація на https://archive.org/ (створення облікового запису безкоштовно)
506 ## - RESTRICTIONS ON ACCESS NOTE
Standardized terminology for access restriction Необхідна авторизація на https://openlibrary.org/ (створення облікового запису безкоштовно)
650 #0 - SUBJECT ADDED ENTRY--TOPICAL TERM
Topical term or geographic name as entry element Alligators
Form subdivision Juvenile literature.
650 #1 - SUBJECT ADDED ENTRY--TOPICAL TERM
Topical term or geographic name as entry element Alligators.
856 41 - ELECTRONIC LOCATION AND ACCESS
Uniform Resource Identifier <a href="http://www.archive.org/details/neverkissalligat00bare">http://www.archive.org/details/neverkissalligat00bare</a>
Public note Free eBook from the Internet Archive
856 42 - ELECTRONIC LOCATION AND ACCESS
Uniform Resource Identifier <a href="http://www.openlibrary.org/books/OL24229212M">http://www.openlibrary.org/books/OL24229212M</a>
Public note Additional information and access via Open Library
942 ## - ADDED ENTRY ELEMENTS (KOHA)
Koha item type ЕКнига

Немає доступних примірників.